000
00283nam a22001337a 4500
003
SGT
082
_a
635.0954
_b
HAR
100
_a
HARLER AGNES W
245
_a
THE GARDEN IN THE PLAINS
260
_a
LONDON
_b
OXFORD UNI PUB
_c
1948
300
_a
412
650
_a
AG
942
_2
ddc
_c
RARE
999
_c
33730
_d
33730